| 000 | 01207cab a2200229 4500 | ||
|---|---|---|---|
| 001 | ABS68575 | ||
| 008 | 041202n2004 000 0 eng u | ||
| 035 | _a(Sirsi) u128186 | ||
| 100 | _aFlaten, O. | ||
| 245 | _aPerceptions and impacts of FRAM-A: a Norwegian farm business development programme | ||
| 260 | _c2004 | ||
| 490 |
_aFarm Management _v12(2) October 2004, 75-89(15) |
||
| 520 | _aThe FRAM-A(gro) programme has been initiated to improve Norwegian farmers' business and strategic management skills. Economic results have been found to vary between farmers operating under similar conditions, suggesting that management factors and human resources have an effect on financial performance. This article reports on an evaluation of the early projects. Key findings are that the learning model combining three approaches (theory, group learning and on-farm activities) was successful and that farmers were satisfied with the one-to-one consultancy. References. | ||
| 590 | _aABS | ||
| 650 | _aFARM MANAGEMENT | ||
| 650 | _aBUSINESS SKILLS | ||
| 650 | _aFINANCIAL MANAGEMENT | ||
| 650 | _aBUSINESS ADVICE | ||
| 690 | _aRURAL-FARM BUSINESS MANAGEMENT | ||
| 700 | _aKjesbu, E. | ||
| 942 | _n0 | ||
| 999 |
_c74643 _d74643 |
||